Agricultural production economics (Record no. 22905)

MARC details
000 -LEADER
fixed length control field 00352nam a2200133Ia 4500
082 ## - DEWEY DECIMAL CLASSIFICATION NUMBER
Classification number 338.432:631
Item number HEA
100 ## - MAIN ENTRY--AUTHOR NAME
Personal name DILLON, John L, Earl O
245 #0 - TITLE STATEMENT
Title Agricultural production economics
260 ## - PUBLICATION, DISTRIBUTION, ETC. (IMPRINT)
Place of publication Ludhiana
Name of publisher Kalyani
Year of publication 1975
650 ## - SUBJECT ADDED ENTRY--TOPICAL TERM
Topical Term Agricultural production
700 ## - ADDED ENTRY--PERSONAL NAME
Personal name HEADY
942 ## - ADDED ENTRY ELEMENTS (KOHA)
Koha item type Books
Holdings
Withdrawn status Lost status Damaged status Not for loan Home library Current library Date acquired Full call number Accession Number Koha item type
        RRII Library RRII Library 16/12/2021 338.432:631 HEA 03616 Books